The religious film (Record no. 61490)
[ view plain ]
| 000 -LEADER | |
|---|---|
| fixed length control field | 01301nam a2200325Ia 4500 |
| 100 1# - MAIN ENTRY--AUTHOR NAME | |
| Personal name | Grace, Pamela. |
| 245 14 - TITLE STATEMENT | |
| Title | The religious film |
| 260 ## - PUBLICATION, DISTRIBUTION, ETC. (IMPRINT) | |
| Place of publication | Malden, MA : |
| Name of publisher | Wiley-Blackwell, |
| Year of publication | 2009. |
| 300 ## - PHYSICAL DESCRIPTION | |
| Number of Pages | xii, 180 p. |
| 490 1# - SERIES STATEMENT | |
| Series statement | New approaches to film genre |
| 650 #0 - SUBJECT ADDED ENTRY--TOPICAL TERM | |
| Topical Term | Religious films |
| Topical Term | Religion in motion pictures. |
| 856 40 - ELECTRONIC LOCATION AND ACCESS | |
| Uniform Resource Identifier | http://site.ebrary.com/lib/rucke/Doc?id=10307891 |
No items available.
